| 000 | 00624nam a2200205Ia 4500 | ||
|---|---|---|---|
| 005 | 20260629163255.0 | ||
| 008 | 260629s9999||||xx |||||||||||||| ||und|| | ||
| 020 |
_a9789393559753 _qpbk |
||
| 082 |
_a332.6 _bARN |
||
| 100 | _aArnold, Glen | ||
| 245 | 4 | _aThe mega deals of Warren Buffett : the winning investment strategies behind Buffett's greatest acquisitions | |
| 260 |
_aMumbai _bJaico Pubishing House _c2021 |
||
| 300 | _axxi, 300p. ; 22cm. | ||
| 653 | _aBuffett, Warren E. | ||
| 653 | _aFinance, Personal | ||
| 653 | _aInvestment analysis | ||
| 653 | _aInvestments | ||
| 653 | _aValue investing | ||
| 942 | _cBK | ||
| 999 |
_c57325 _d57325 |
||